000 00296nam a2200121Ia 4500
008 190216s9999||||xx |||||||||||||| ||und||
100 _aPookar Kadalundi
245 0 _aAllahuvinte Vall
260 _bPoomkavanam Books Publishers
_c1993
300 _a66p
650 _aIslamic History
942 _cBK
999 _c22345
_d22345